| 000 | 00729nam a2200265 a 4500 | ||
|---|---|---|---|
| 005 | 20180803165043.0 | ||
| 008 | 140307b1988 ec ||||| |||| 00| 0 eng d | ||
| 041 | _aeng | ||
| 044 | _aec | ||
| 090 |
_aLB _b02738 |
||
| 100 |
_aPaul, J. M. _917997 |
||
| 245 | _aCannaceae | ||
| 260 |
_aQuito _bInstitute of Systematic Botany _bUniversity of Utrecht _c1988 |
||
| 300 | _a192 p. | ||
| 650 |
_aFlora _917998 |
||
| 650 |
_aPlantas _917999 |
||
| 650 |
_aTaxonomía vegetal _992262 |
||
| 650 |
_aClaves taxonómicas _93514 |
||
| 650 |
_aIdentificación de especies _94726 |
||
| 662 | _aEcuador | ||
| 700 |
_aMaas, Hiltje _918001 |
||
| 700 |
_aHarling, Gunnar _917471 |
||
| 700 |
_aAndersson, Lennart _917474 |
||
| 942 |
_cImpreso _2z |
||
| 999 |
_c2967 _d2967 |
||